Detalles MARC
| 000 -CABECERA |
| campo de control de longitud fija |
03807nam a22003377i 4500 |
| 003 - IDENTIFICADOR DEL NÚMERO DE CONTROL |
| campo de control |
DO-SdBNP |
| 005 - FECHA Y HORA DE LA ÚLTIMA TRANSACCIÓN |
| campo de control |
20250127123939.0 |
| 007 - CAMPO FIJO DE DESCRIPCIÓN FÍSICA--INFORMACIÓN GENERAL |
| campo de control de longitud fija |
ta |
| 008 - DATOS DE LONGITUD FIJA--INFORMACIÓN GENERAL |
| campo de control de longitud fija |
210326b 2017 dr 00| 0 eng d |
| 020 ## - NÚMERO INTERNACIONAL ESTÁNDAR DEL LIBRO |
| Número Internacional Estándar del Libro |
9789945600971 |
| 040 ## - FUENTE DE LA CATALOGACIÓN |
| Centro catalogador/agencia de origen |
DO-SdBNP |
| Lengua de catalogación |
spa |
| Centro/agencia transcriptor |
BNPHU |
| Normas de descripción |
rda |
| 041 ## - CÓDIGO DE LENGUA |
| Código de lengua original |
spa |
| 082 #4 - NÚMERO DE LA CLASIFICACIÓN DECIMAL DEWEY |
| Número de clasificación |
923.1 |
| Número de documento/Ítem |
B663P |
| Número de edición |
22 |
| 100 1# - ENTRADA PRINCIPAL--NOMBRE DE PERSONA |
| Nombre de persona |
Pérez Pérez, Manuel Otilio, |
| Fechas asociadas al nombre |
1947- |
| Término indicativo de función/relación |
autor |
| 9 (RLIN) |
78302 |
| 245 13 - MENCIÓN DE TÍTULO |
| Título |
El legado imperecedero de Tomás Bobadilla : |
| Resto del título |
creador y organizador del Estado Dominicano / |
| Mención de responsabilidad, etc. |
Manuel Otilio Pérez Pérez ; prólogo Julio Ramírez. |
| 264 ## - PRODUCCIÓN, PUBLICACIÓN, DISTRIBUCIÓN, FABRICACIÓN Y COPYRIGHT |
| Producción, publicación, distribución, fabricación y copyright |
Santo Domingo : |
| Nombre del de productor, editor, distribuidor, fabricante |
Santuario, |
| Fecha de producción, publicación, distribución, fabricación o copyright |
2017 |
| 300 ## - DESCRIPCIÓN FÍSICA |
| Extensión |
213 páginas ; |
| Dimensiones |
23 cm. |
| 336 ## - TIPO DE CONTENIDO |
| Fuente |
rdacontent |
| Término de tipo de contenido |
texto |
| Código de tipo de contenido |
txt |
| 337 ## - TIPO DE MEDIO |
| Fuente |
rdamedia |
| Nombre/término del tipo de medio |
sin mediación |
| Código del tipo de medio |
n |
| 338 ## - TIPO DE SOPORTE |
| Fuente |
rdacarrier |
| Nombre/término del tipo de soporte |
volumen |
| Código del tipo de soporte |
nc |
| 500 ## - NOTA GENERAL |
| Nota general |
Incluye datos biográficos del autor en las solapas |
| 500 ## - NOTA GENERAL |
| Nota general |
Incluye referencias bibliográficas y notas al pie de las páginas. |
| 504 ## - NOTA DE BIBLIOGRAFÍA, ETC. |
| Nota de bibliografía, etc. |
Bibliografía : p. 211-213 |
| 505 0# - NOTA DE CONTENIDO CON FORMATO |
| Nota de contenido con formato |
Prólogo – Introducción -- De colonia española a colonia francesa -- De colonia francesa a colonia española -- De España boba a independencia efímera -- Independencia efímera a dominación haitiana -- Tomás Bobadilla y su movimiento separatista -- Representación de la junta popular, 8 de junio 1843, 35.-- Sánchez y Mella se aliaron a Bobadilla -- Proyecto separatista en las Matas de Farfán -- Movimiento separatista del señor Pimentel en las Matas de Farfán -- Antonio López Villanueva y Tomás Bobadilla -- Memorias de Antonio López Villanueva -- Tomás Bobadilla y Gaspar Hernández -- Del padre Gaspar Hernández al gobernador de Puerto Rico -- Tomás Bobadilla Briones: autor del manifiesto del 16 de enero de 1844 -- Trascendencia de la manifestación del 16 de enero de 1844 -- El plan Levasseur -- Bobadilla no aparece entre los firmantes del plan Levasseur. No tenía calidad. Eso era asunto de diputados constituyentes y Bobadilla no lo era -- A los amantes de la libertad -- Pro Báez -- Dominicanos afrancesados -- Carta del general J. M. Imbert a Saint Denys -- Tomás Bobadilla antiesclavista y abolicionista -- El pensamiento antiesclavista de Tomás Bobadilla y Briones -- Bobadilla y la proclamación de la República Dominicana -- Tomás Bobadilla y el 28 de febrero de 1844 -- La revolución de la independencia fue eminentemente antiesclavista -- Tomás Bobadilla Briones primer y único presidente de la junta provisional gubernativa -- Entregas de la plaza de Santo Domingo -- Bobadilla ordenador del estado dominicano -- Bobadilla y la nacionalidad dominicana -- Comunicación solicitando protección a Francia -- Tramitación de la solicitud del protectorado a Francia -- Tomás Bobadilla y los haitianos -- El Partido Pro-haitiano -- Lista de los asistentes al baluarte de el Conde, la noche del 27 de febrero y los días 28 y 29, encabezados por Bobadilla -- Bobadilla y el nombre del nuevo estado República Dominicana -- Tomás Bobadilla y el nombre del nuevo estado de República Dominicana -- Francisco Sánchez y Tomás Bobadilla Briones -- Las insubordinaciones de Francisco Sánchez -- Reiteración de la solicitud de protección de Francia -- Tomás Bobadilla Briones y La Independencia -- Francisco del Rosario Sánchez y el 27 de Febrero -- Ascensos militares. La oficialidad del ejército de Santo Domingo -- Golpe de estado del 9 de junio de 1844 -- Tercera solicitud de protección a Francia -- Miembros de la Junta Central Gubernativa -- El legado imperecedero de Tomás Bobadilla. |
| 590 ## - NOTA LOCAL (RLIN) |
| Nota local |
Inventariado, 2021 /LP<br/> |
| 600 ## - PUNTO DE ACCESO ADICIONAL DE MATERIA--NOMBRE DE PERSONA |
| Nombre de persona |
Bobadilla y Briones, Tomás, |
| 9 (RLIN) |
83748 |
| 650 #4 - PUNTO DE ACCESO ADICIONAL DE MATERIA--TÉRMINO DE MATERIA |
| Término de materia o nombre geográfico como elemento de entrada |
Políticos dominicanos |
| 9 (RLIN) |
83747 |
| Subdivisión general |
República Dominicana -- Historia, 1844-1861 |
| 700 1# - PUNTO DE ACCESO ADICIONAL--NOMBRE DE PERSONA |
| Nombre de persona |
Ramírez, Julio, |
| Término indicativo de función/relación |
prólogo |
| 9 (RLIN) |
78303 |
| 910 ## - DATOS DE OPCIÓN DEL USUARIO (OCLC) |
| Datos de opción del usuario |
Validado. control de Calidad/MAA |
| 942 ## - ELEMENTOS DE PUNTO DE ACCESO ADICIONAL (KOHA) |
| Fuente del sistema de clasificación o colocación |
Dewey Decimal Classification |
| Tipo de ítem Koha |
Libro |